| 000 | 00622nmc a2200229 a 4500 | ||
|---|---|---|---|
| 003 | AR-BaBNM | ||
| 005 | 20251128211348.0 | ||
| 008 | 014020s[200 ||||||||||||||000 | spa|| | ||
| 020 | _a84-392-0923-1 | ||
| 040 | _cAR-BaBNM | ||
| 100 | 1 |
_aCooper, James Fenimore _d1789-1851 |
|
| 245 | 1 | 0 | _aEl último mohicano |
| 260 |
_aMadrid _bEdiciones Gaviota _c[2001] |
||
| 300 | 0 |
_a340 p. _bláms. |
|
| 490 | 0 | _aBiblioteca universal de clásicos juveniles | |
| 650 | 4 | _aLITERATURA ESTADOUNIDENSE | |
| 653 | 0 | _aLITERATURA JUVENIL | |
| 653 | 0 | _aNOVELA DE AVENTURAS | |
| 655 | _aLITERATURA | ||
| 942 | _cBK | ||
| 998 | _cmartin | ||
| 999 |
_c19344 _d19344 |
||